| 000 | 01061nam a22002777i 4500 | ||
|---|---|---|---|
| 999 |
_c23636 _d23636 |
||
| 003 | AR-CdUCM | ||
| 008 | 260424b20222022 pe||||| |||| 00| 0 spa d | ||
| 020 | _a978-612-4452-53-6 | ||
| 040 |
_aMUNICIPALIDAD PROVINCIAL DEL CUSCO _cBIBLIOTECA MUNICIPAL DEL CUSCO |
||
| 041 | _hspa | ||
| 082 |
_a352.28 _bC29 |
||
| 100 |
_aCardoso Montoya, Cesar Augusto _952693 |
||
| 245 | _aDescentralización, legitima aspiración / | ||
| 260 |
_aLambayeque-Perú: _bSietevientos Editores-Sullana _c2022 |
||
| 300 |
_a134 páginas. : _c24x17 cm. |
||
| 500 | _zPáginas: 127-129 | ||
| 505 | _aDescentralización y realidad -- Régimen hipercentralista -- Centralización vs descentralización -- Causa de la centralización -- Promoviendo la descentralización -- retorno de la democracia | ||
| 650 |
_aDescentralización _93895 |
||
| 650 |
_aLo normativo _952694 |
||
| 650 |
_aDefinición _941732 |
||
| 650 |
_aDesafios esenciales _952695 |
||
| 650 |
_aDemocracia _952696 |
||
| 856 | _fwww.munilambayeque.gob.pe | ||
| 942 |
_2ddc _cLIBROS |
||
| 945 |
_apbjr _d24-04-2026 |
||